| Tag |
First Indicator |
Second Indicator |
Subfields |
| LEADER |
00000cam a2200000 4500 |
| 001 |
in00000075478 |
| 005 |
20151008052646.0 |
| 008 |
750908m19359999nyu b 00000 eng u |
| 010 |
|
|
|a a 35001283
|
| 035 |
|
|
|a (OCoLC)01610676
|
| 035 |
|
|
|9 AAH4334AM
|
| 040 |
|
|
|c IXA
|d OCL
|d TXA
|d UtOrBLW
|
| 049 |
|
|
|a TXAM
|d [
|p = pt.]
|v 1 [194669]
|v 2 [213808]
|v 3 [213809]
|v 4
|p 1 [215190]
|p 2 [215191]
|
| 050 |
|
0 |
|a [PN5129.L7
|b T ]
|
| 090 |
|
|
|a PN5129.L7
|b T512
|
| 092 |
|
|
|a 072
|b T583h
|
| 130 |
0 |
|
|a Times (London, England)
|
| 245 |
1 |
4 |
|a The history of the Times...
|
| 264 |
|
1 |
|a New York :
|b Macmillan,
|c 1935-
|
| 300 |
|
|
|a volumes :
|b mounted color frontispiece, illustrations plates (part double) portraits, facsimiles, (1fold) ;
|c 25cm.
|
| 336 |
|
|
|a text
|b txt
|2 rdacontent
|
| 337 |
|
|
|a unmediated
|b n
|2 rdamedia
|
| 338 |
|
|
|a volume
|b nc
|2 rdacarrier
|
| 500 |
|
|
|a "Sources": v. l, pages 468-502.
|
| 505 |
0 |
|
|a v.l. "The Thunder" in the making, 1785-1841.--v.2. The tradition established, 1841-1884.
|
| 999 |
|
|
|a MARS
|
| 999 |
f |
f |
|s 71f3074f-72b0-3d53-8f05-45a8e578eeb1
|i 189bf5d7-1515-3632-9ba4-5d29e5d38b32
|t 0
|
| 952 |
f |
f |
|p ric
|a Texas A&M University
|b Rellis Campus
|c Joint Library Facility
|d Remote Storage
|t 0
|e PN5129.L7 T512
|h Library of Congress classification
|i unmediated -- volume
|k v.2
|m A14800502897
|
| 952 |
f |
f |
|p ric
|a Texas A&M University
|b Rellis Campus
|c Joint Library Facility
|d Remote Storage
|t 0
|e PN5129.L7 T512
|h Library of Congress classification
|i unmediated -- volume
|k v.3
|m A14800502902
|
| 952 |
f |
f |
|p ric
|a Texas A&M University
|b Rellis Campus
|c Joint Library Facility
|d Remote Storage
|t 0
|e PN5129.L7 T512
|h Library of Congress classification
|i unmediated -- volume
|k v.4:pt.2
|m A14800502928
|
| 952 |
f |
f |
|p ric
|a Texas A&M University
|b Rellis Campus
|c Joint Library Facility
|d Remote Storage
|t 0
|e PN5129.L7 T512
|h Library of Congress classification
|i unmediated -- volume
|k v.1
|m A14800502889
|
| 952 |
f |
f |
|p ric
|a Texas A&M University
|b Rellis Campus
|c Joint Library Facility
|d Remote Storage
|t 0
|e PN5129.L7 T512
|h Library of Congress classification
|i unmediated -- volume
|k v.4:pt.1
|m A14800502910
|
| 998 |
f |
f |
|a PN5129.L7 T512
|s v.1-v.4
|t 0
|l Remote Storage
|